| 000 | 00418nam a2200145Ia 4500 | ||
|---|---|---|---|
| 008 | 210716s2006 xx 000 0 und d | ||
| 020 | _a8130902931 | ||
| 041 | _aeng | ||
| 082 | _a651.74014 ECON | ||
| 245 |
_aStyle guide: the bestselling guide to english usage. _bBestselling guide to english usage. |
||
| 250 | _a1 | ||
| 260 |
_aNew Delhi _bViva Books _c2006 |
||
| 300 | _avi,249 | ||
| 650 | _aBusiness Communication | ||
| 999 |
_c201508 _d201508 |
||